[Event "GUY-ch"]
[Site "Providence"]
[Date "2022.05.26"]
[Round "6"]
[White "Sharma, Rai Jagat"]
[Black "Lee, Ethan1111"]
[Result "1/2-1/2"]
[WhiteElo "1382"]
[BlackElo "1400"]
[PlyCount "127"]
[EventDate "2022.05.21"]
[EventType "tourn"]
[EventRounds "9"]
[EventCountry "GUY"]
[SourceTitle "EXT 2023"]
[Source "ChessBase"]
[SourceDate "2022.10.05"]
[SourceVersion "1"]
[SourceVersionDate "2022.10.05"]
[SourceQuality "1"]

1. d4 d5 2. Nf3 Nf6 3. c4 e6 4. Bg5 Be7 5. Nc3 c6 6. e3 Nbd7 7. Be2 0-0 8. h3 Nb6 9. c5 Nbd7 10. b4 Nh5 11. Bxe7 Qxe7 12. Ne5 Nhf6 13. f4 Nxe5 14. fxe5 Nd7 15. 0-0 f6 16. exf6 Nxf6 17. Qd2 e5 18. Rae1 exd4 19. exd4 Be6 20. Bd3 Rae8 21. Bf5 Qd7 22. Bxe6+ Rxe6 23. Re5 Rxe5 24. dxe5 Ne8 25. Rxf8+ Kxf8 26. Qd4 Qf5 27. Qf2 Qxf2+ 28. Kxf2 Ke7 29. Ke3 Nc7 30. Ne2 Ke6 31. Kf4 Na6 32. a3 Nb8 33. Nd4+ Kf7 34. Nf5 b6 35. e6+ Kxe6 36. Nxg7+ Kf7 37. Nf5 bxc5 38. bxc5 Nd7 39. Nd6+ Ke6 40. Nb7 Nf6 41. Na5 Kd7 42. Ke5 Ne4 43. Kd4 h5 44. Nc4 Nxc5 45. Kxc5 dxc4 46. Kxc4 h4 47. Kc5 Kc7 48. Kd4 Kd6 49. Ke3 c5 50. Ke4 a6 51. Kf4 Kd5 52. Ke3 Kc4 53. Kf3 Kd3 54. g4 hxg3 55. h4 g2 56. Kxg2 c4 57. h5 c3 58. h6 c2 59. h7 c1Q 60. h8Q Qd2+ 61. Kg3 Qe3+ 62. Kg2 Qd2+ 63. Kg3 Qg5+ 64. Kf3 1/2-1/2